000 00519nam a2200169 4500
001 144736
003 ES-MaACL
005 20230906201103.0
007 t|
008 070214s1967 sp r ||||1| spa d
100 1 _aSilverberg, Robert.
_9106431
245 1 0 _aColisión de los mundos /
_cRobert Silverberg ; traducción de Francisco Cazorla Olmo.
260 _aBarcelona :
_bE.D.H.A.S.A.,
_c1967.
300 _a243 p. ;
_c17 cm.
700 1 _aCazorla Olmo, Francisco.
_937252
852 _aES-MaACL
_jF-10138
_bR.65208
999 _c144736
_d144736